| 000 | 00408 a2200145 4500 | ||
|---|---|---|---|
| 999 |
_c289 _d289 |
||
| 020 | _a9780007166664 | ||
| 050 | _aBS476 PAW 2003 | ||
| 100 |
_aPawson, David _eauthour |
||
| 245 |
_aUnlocking the bible: _bA unique overview of the whole bible/ _cDavid Pawson |
||
| 264 |
_aLondon : _bCollins, _c2003 |
||
| 300 |
_axvii, 1343 p.: _bill. |
||
| 500 | _aIncludes bib | ||
| 650 | _aBible | ||
| 942 |
_2lcc _cBK _h476 _iPAW _kBS |
||